000 00286nam a22001337a 4500
008 170823b xxu||||| |||| 00| 0 eng d
020 _a0387906460
041 _aeng
080 _a514
100 _a38
101 _aMAT
245 _aALGENRAIC TOPOLOGY
_cSPANIER,E.H
942 _2udc
_cBK
999 _c24704
_d24704